El gongorismo en América

Sábháilte in:
Sonraí bibleagrafaíochta
Príomhchruthaitheoir: Carilla, Emilio (Údar)
Formáid: LEABHAR
Teanga:Spáinnis
Foilsithe / Cruthaithe: Buenos Aires Instituto de Cultura Latino Americana 1946
Ábhair:
Clibeanna: Cuir clib leis
Níl clibeanna ann, Bí ar an gcéad duine le clib a chur leis an taifead seo!

MARC

LEADER 00000nam a2200000 a 4500
001 UCU4409
003 CL-VaPUC
008 960517e19460000AG |||||||||||||||||spa|d
082 0 4 |a 861.09  |b CAR  |2 21 
100 0 |a Carilla, Emilio  |e author  |9 361967 
245 1 3 |a El gongorismo en América 
300 |a 245 p 
942 |c BK 
945 |d 19960517 00:00:00  |a rleighto 
260 |a Buenos Aires  |b Instituto de Cultura Latino Americana  |c 1946 
600 0 7 |a GONGORA Y ARGOTE, LUIS DE  |2 CL-VaPUC  |9 267951 
650 0 |a Poesía española  |9 264938 
650 0 |a Crítica e interpretación   |9 255042 
583 |a last modification  |c 19960517 00:00:00  |k Rodrigo Vera 
999 |c 248135  |d 248133 
952 |0 0  |1 0  |4 0  |6 861_090000000000000_CAR_1946  |7 0  |8 A  |9 264570  |a BIBEDU  |b BIBEDU  |d 2019-11-19  |i 3121054  |o 861.09 CAR 1946  |p 3121054  |r 2019-11-19  |w 2019-11-19  |y BK  |k LIT